| 000 | 01270nam a2200241Ia 4500 | ||
|---|---|---|---|
| 003 | Ost | ||
| 005 | 20260507075206.0 | ||
| 008 | 260507s9999||||xx |||||||||||||| ||und|| | ||
| 020 | _a88152499539 | ||
| 040 | _cfsecg | ||
| 041 | _aara | ||
| 082 | _a330 | ||
| 100 |
_aتوكل، فادي محمد عماد الدين _eمؤلف |
||
| 245 | 0 |
_aعقد التجارة الالكترونية / _c فادي محمد عماد الدين توكل |
|
| 260 |
_aبيروت: _bمنشورات الحلبي الحقوقية, _c2010 |
||
| 300 |
_a272 صفحة؛ _c24 سم |
||
| 504 | _aمراجع ص.255 | ||
| 520 | _aتعريف التجارة الالكترونية و خصائصها، مزايا و صور التجارة الالكترونية ، أركان عقد التجارة الالكترونية ، التوثيق و الاثبات في عقد التجارة الالكترونية ، التحكيم و فرض منازعات عقد التجارة الالكترونية ، ماهية التحكيم الالكتروني و مزاياه ، ابرام اتفاق التحكيم الالكتروني . | ||
| 653 | _aالتجارة الالكترونية | ||
| 653 | _aالتحكيم الالكتروني | ||
| 653 | _aالعقود التجاري | ||
| 942 | _cكتاب | ||
| 999 |
_c43431 _d43431 |
||